000 01383nam a2200361 a 4500
001 000109704
003 CHAP
005 20220329144100.0
008 140520s2014 mx a sm |||||||spa d
010 _a106166
011 _a107138
040 _cCHAP
090 _aTesis
100 1 _aMéndez Ramírez, José
_9126956
245 1 0 _aUso y conocimiento de plantas medicinales en comunidades rurales del municipio de Teapa, Tabasco
_h[En línea]
_cpor José Méndez Ramírez y Virginia Alejandra Gómez Álvarado.
260 _aChapingo, Méx. :
_bEl autor,
_c2014.
500 _aPara ver el contenido del material haga clic en la liga
502 _aTesis (Ing. Agr. Esp. en Zonas Tropicales) -- UACH. Dirección General de Centros Regionales
590 _aBATCH-UPD
_b05
_c20140521
_lUCH01
_h0922
590 _aBATCH-UPD
_b05
_c20141002
_lUCH01
_h0904
590 _aE5652GLJ
_b05
_c20140520
_lUCH01
_h1457
590 _aE5652GLJ
_b05
_c20140521
_lUCH01
_h0921
590 _aE5652GLJ
_b05
_c20140521
_lUCH01
_h1359
650 1 4 _aBotánica médica.
_914680
650 1 4 _aEtnobotánica
_zTabasco.
_9126964
650 1 4 _aMedicina alternativa.
_973914
650 1 4 _aMedicina tradicional.
_973921
700 1 _aGómez Álvaro, Virginia Alejandra.
_9126957
856 _aFinding aid
_uhttp://10.13.5.2/tesis/sist109704.pdf
_zTeclea aquí
901 _aBK
942 _cTESIS
942 _n0
999 _c106166
_d106166